बुद्ध हसतो आहे... / (Record no. 22397)

MARC details
000 -LEADER
fixed length control field 01114nam a22002537a 4500
005 - DATE AND TIME OF LATEST TRANSACTION
control field 2009032703273.0
008 - FIXED-LENGTH DATA ELEMENTS--GENERAL INFORMATION
fixed length control field 081007t xxu||||| |||| 00| 0 mar
010 ## - LCCN (DPL NO)
LC control number MAR-20037
020 ## - INTERNATIONAL STANDARD BOOK NUMBER
Terms of availability 325.00
035 ## - SYSTEM CONTROL NUMBER
System control number MR-12695
037 ## - SOURCE OF ACQUISITION
Source of stock number/acquisition DBAD / PUB
040 ## - CATALOGING SOURCE
Original cataloging agency dpl
Language of cataloging MR
082 ## - DEWEY DECIMAL CLASSIFICATION NUMBER
Classification number 294.3
100 ## - MAIN ENTRY--PERSONAL NAME
Personal name आठलेकर, मंगला
245 ## - TITLE STATEMENT
Title बुद्ध हसतो आहे... /
Statement of responsibility, etc मंगला आठलेकर
246 ## - VARYING FORM OF TITLE
Title proper/short title Buddha Hasato Aahe...
Remainder of title by Mangala Athlekar
260 ## - PUBLICATION, DISTRIBUTION, ETC. (IMPRINT)
Place of publication, distribution, etc पुणे
Name of publisher, distributor, etc राजहंस प्रकाशन
Date of publication, distribution, etc 2008
270 ## - ADDRESS
Address 1025, सदाशिव पेठ
City पुणे
Postal code 411030
Telephone number 020-24473459
Fax number 24433719
Electronic mail address rajhans1@pn2.vsnl.net.in
300 ## - PHYSICAL DESCRIPTION
Extent अठ्ठावीस, 342 पृ
Dimensions 23 सेमी (अजिल्द)
650 ## - SUBJECT ADDED ENTRY--TOPICAL TERM
Source of heading or term बुद्ध धर्म
650 ## - SUBJECT ADDED ENTRY--TOPICAL TERM
Source of heading or term Buddhism
942 ## - ADDED ENTRY ELEMENTS (KOHA)
Source of classification or shelving scheme Dewey Decimal Classification
Item type Marathi Books
Call number suffix आठले
Classification part 294.3
Holdings
Withdrawn status Lost status Source of classification or shelving scheme Damaged status Not for loan Collection code Home library Current library Date acquired Source of acquisition Cost, normal purchase price Total Checkouts Full call number Barcode Date last seen Copy number Cost, replacement price Koha item type
    Dewey Decimal Classification   Not For Loan Non-fiction D.B.Act.Division D.B.Act.Division 27/03/2009 DBAD 325.00   294.3 आठले MR-12695 27/03/2009 1 325.00 Marathi Books

© Delhi Public Library
Hit Counter
free hit counter